Methods of nonlinear analysis. volume ii. mathematics in science and engineering series, volumes 61-1 & 61-ii. / (Record no. 28793)

000 -LEADER
fixed length control field 00424 a2200121 4500
003 - CONTROL NUMBER IDENTIFIER
control field NUST
005 - DATE AND TIME OF LATEST TRANSACTION
control field 20180117114005.0
008 - FIXED-LENGTH DATA ELEMENTS--GENERAL INFORMATION
fixed length control field 180117b xxu||||| |||| 00| 0 eng d
040 ## - CATALOGING SOURCE
Transcribing agency NUST
082 ## - DEWEY DECIMAL CLASSIFICATION NUMBER
Classification number 517.382 BEL
100 1# - MAIN ENTRY--PERSONAL NAME
Personal name Bellman, Richard Ernest.
9 (RLIN) 8536
245 10 - TITLE STATEMENT
Title Methods of nonlinear analysis. volume ii. mathematics in science and engineering series, volumes 61-1 & 61-ii. /
Statement of responsibility, etc. Richard Ernest Bellman.
250 ## - EDITION STATEMENT
Edition statement First ed.
260 ## - PUBLICATION, DISTRIBUTION, ETC.
Place of publication, distribution, etc. [S.l.] :
Name of publisher, distributor, etc. Academic Press, Inc.,
Date of publication, distribution, etc. 1973.
300 ## - PHYSICAL DESCRIPTION
Extent 1 v. (unpaged)
942 ## - ADDED ENTRY ELEMENTS (KOHA)
Institution code [OBSOLETE] SNS
Koha item type Book
Call number prefix 517.382 BEL
Source of classification or shelving scheme
Holdings
Withdrawn status Lost status Damaged status Not for loan Permanent Location Current Location Date acquired Total Checkouts Full call number Barcode Date last seen Price effective from Koha item type
        School of Natural Sciences (SNS) School of Natural Sciences (SNS) 05/26/2016   517.382 BEL SNS0000050 05/26/2016 05/26/2016 Book
© 2023 Central Library, National University of Sciences and Technology. All Rights Reserved.